Antología /
Đã lưu trong:
| Tác giả chính: | |
|---|---|
| Định dạng: | Không biết |
| Ngôn ngữ: | Spanish |
| Được phát hành: |
Cuba :
Biblioteca Nacional,
1972.
|
| Loạt: | (Serie Quién Fué y Qué hizo?)
|
| Những chủ đề: | |
| Các nhãn: |
Thêm thẻ
Không có thẻ, Là người đầu tiên thẻ bản ghi này!
|
MARC
| LEADER | 000000000a22000000004500 | ||
|---|---|---|---|
| 001 | 003041 | ||
| 041 | 0 | |a spa | |
| 082 | 0 | 4 | |a Cu864.2 |b M378a |
| 100 | 1 | |a Martí, José, |d 1853-1895 | |
| 245 | 1 | 0 | |a Antología / |c José Martí. |
| 260 | 1 | |a Cuba : |b Biblioteca Nacional, |c 1972. | |
| 300 | |a 407 páginas ; |c 18 cm. | ||
| 490 | 1 | |a (Serie Quién Fué y Qué hizo?) | |
| 650 | 4 | |a LITERATURA CUBANA | |
| 650 | 4 | |a POESIA | |
| 650 | 4 | |a ENSAYOS | |
| 999 | |c 9356 |d 9356 | ||
| 942 | |c BK |h Cu864.2 M378a |2 z | ||
